| Tag |
First Indicator |
Second Indicator |
Subfields |
| LEADER |
00000cam a2200000 a 4500 |
| 001 |
in00002730390 |
| 005 |
20211120162619.0 |
| 006 |
m d f |
| 007 |
cr mn||||||||| |
| 008 |
110307s2011 dcu ob f000 0 eng c |
| 035 |
|
|
|a (OCoLC)ocn713660910
|
| 040 |
|
|
|a DTICE
|c DTICE
|d GPO
|d MvI
|d UtOrBLW
|
| 042 |
|
|
|a pcc
|
| 043 |
|
|
|a n-us---
|a a-pk---
|
| 049 |
|
|
|a WWW
|
| 074 |
|
|
|a 0545-A-04 (online)
|
| 086 |
0 |
|
|a GA 1.41:GAO-11-156 R
|
| 088 |
|
|
|a GAO-11-156 R
|
| 100 |
1 |
|
|a Johnson, Charles Michael.
|
| 245 |
1 |
0 |
|a Accountability for U.S. equipment provided to Pakistani security forces in the Western Frontier needs to be improved /
|c [Charles Michael Johnson Jr., Asif A. Khan].
|
| 246 |
3 |
|
|a Accountability for United States equipment provided to Pakistani security forces in the Western Frontier needs to be improved
|
| 246 |
1 |
7 |
|a Pakistan equipment accountability
|
| 264 |
|
1 |
|a Washington, DC :
|b U.S. Govt. Accountability Office,
|c [2011]
|
| 300 |
|
|
|a 1 online resource (21 pages)
|
| 336 |
|
|
|a text
|b txt
|2 rdacontent
|
| 337 |
|
|
|a computer
|b c
|2 rdamedia
|
| 338 |
|
|
|a online resource
|b cr
|2 rdacarrier
|
| 500 |
|
|
|a Title from PDF title screen (viewed Sept. 8, 2011).
|
| 500 |
|
|
|a "February 15, 2011."
|
| 504 |
|
|
|a Includes bibliographical references.
|
| 500 |
|
|
|a "GAO-11-156R."
|
| 500 |
|
|
|a Electronic resource.
|
| 610 |
1 |
0 |
|a United States.
|b Department of Defense
|x Equipment and supplies
|x Management
|x Evaluation.
|
| 650 |
|
0 |
|a Technical assistance, American
|z Pakistan.
|
| 650 |
|
0 |
|a Military supplies
|x Management.
|
| 700 |
1 |
|
|a Khan, Asif A.
|
| 710 |
1 |
|
|a United States.
|b Government Accountability Office.
|
| 856 |
4 |
0 |
|u https://purl.fdlp.gov/GPO/gpo12420
|t 0
|
| 999 |
|
|
|a MARS
|
| 999 |
f |
f |
|s 350f575e-7429-3873-a0f5-dc80083df66a
|i 7cc60abb-8f60-308f-ac07-c39707358583
|t 0
|
| 952 |
f |
f |
|a Texas A&M University
|b College Station
|c Electronic Resources
|d Available Online
|t 0
|e GA 1.41:GAO-11-156 R
|h Superintendent of Documents classification
|
| 998 |
f |
f |
|a GA 1.41:GAO-11-156 R
|t 0
|l Available Online
|